Evolución en los métodos de desarrollo rural en América Latina

Uloženo v:
Podrobná bibliografie
Hlavní autor: Muro Bowling, Pedro
Médium: Text
Vydáno: Tegucigalpa: UNAH
Tagy: Přidat tag
Žádné tagy, Buďte první, kdo vytvoří štítek k tomuto záznamu!

MARC

LEADER 00000 a a2200000 04500
001 21067
003
040
090 |a 091000  
100 |a Muro Bowling, Pedro  
245 |a Evolución en los métodos de desarrollo rural en América Latina  
260 |a Tegucigalpa:   |b UNAH  
300 |a 27 p.  
999 |c 15520  |d 15520